000 00396nam a2200121Ia 4500
008 220620s9999||||xx |||||||||||||| ||und||
245 0 _aSuperconductors
_bProperties, Technology, and Applications
546 _aEnglish[eng]
650 _aSolid state chemistry
700 _aGrigorashvili, Yury
856 _uhttps://mts.intechopen.com/storage/books/1342/authors_book/authors_book.pdf
942 _cEB
999 _c22382
_d22382